Die 10 größten Städte - Kalifornien - Statistiken

Allgemein
  • Dieses Quiz wurde 182 mal gespielt
  • Das Durchschnittsergebnis liegt bei 6 aus 10
Antwortstatistiken
Einwohnerzahl Stadt % Korrekt
3.820.914 Los Angeles
99%
808.988 San Francisco
99%
1.388.320 San Diego
95%
526.384 Sacramento
88%
969.655 San José
73%
545.716 Fresno
55%
436.504 Oakland
43%
340.512 Anaheim
33%
449.468 Long Beach
33%
413.381 Bakersfield
31%
Keine übereinstimmenden Quizze gefunden
Verteilung der Resultate
Anzahl Personen mit jedem Resultat
Perzentil nach korrekt beantworteten Fragen
Ihre Resultats-Entwicklung
Sie haben dieses Quiz noch nicht gespielt